[Event "Montigny le Bretonneux Dames Noire 1st"]
[Site "Montigny le Bretonneux"]
[Date "2013.10.19"]
[Round "1"]
[White "Lamorelle, Julien"]
[Black "Rettore, Ludwig"]
[Result "1-0"]
[WhiteElo "2326"]
[BlackElo "2113"]
[PlyCount "61"]
[EventDate "2013.10.19"]
[EventType "tourn"]
[EventRounds "9"]
[EventCountry "FRA"]
[EventCategory "4"]
[SourceTitle "EXT 2014"]
[Source "ChessBase"]
[SourceDate "2013.11.20"]
[SourceVersion "1"]
[SourceVersionDate "2013.11.20"]
[SourceQuality "1"]

1. e4 e5 2. Nc3 Nf6 3. Bc4 Nc6 4. d3 Bc5 5. f4 d6 6. Nf3 a6 7. Nd5 0-0 8. f5 Nxd5 9. Bxd5 Nd4 10. Nxd4 Bxd4 11. c3 Ba7 12. Qf3 c6 13. Bb3 d5 14. Be3 dxe4 15. dxe4 Qd3 16. Bxa7 Qxf3 17. gxf3 Rxa7 18. 0-0-0 b5 19. c4 a5 20. a3 a4 21. Ba2 bxc4 22. Rd6 c3 23. bxc3 Ba6 24. Rg1 Be2 25. Kd2 Bxf3 26. Ke3 Bh5 27. Rg5 g6 28. f6 Ra5 29. Rxc6 h6 30. Rg2 g5 31. Rd2 1-0

[Event "Prague IM 9th"]
[Site "Prague"]
[Date "2013.06.29"]
[Round "8"]
[White "Straka, Vojtech"]
[Black "Lamorelle, Julien"]
[Result "1/2-1/2"]
[WhiteElo "2336"]
[BlackElo "2274"]
[PlyCount "68"]
[EventDate "2013.06.23"]
[EventType "tourn"]
[EventRounds "9"]
[EventCountry "CZE"]
[EventCategory "3"]
[SourceTitle "CBM 155 Extra"]
[Source "ChessBase"]
[SourceDate "2013.08.26"]
[SourceVersion "1"]
[SourceVersionDate "2013.08.26"]
[SourceQuality "1"]

1. d4 d5 2. c4 c6 3. Nf3 Nf6 4. e3 Bf5 5. Nc3 e6 6. Nh4 Bg6 7. Nxg6 hxg6 8. Bd3 Nbd7 9. Bd2 Qc7 10. h3 g5 11. Qe2 g4 12. 0-0-0 gxh3 13. g4 0-0-0 14. g5 dxc4 15. Bxc4 Nd5 16. Qf3 N7b6 17. Bb3 c5 18. Nxd5 Nxd5 19. Kb1 Kb8 20. dxc5 Bxc5 21. Rxh3 Rxh3 22. Qxh3 Bb4 23. Bc1 Rc8 24. e4 Nf4 25. Qf3 e5 26. Be3 Bc5 27. Bc1 Ne6 28. Bd5 Be7 29. Qb3 Bxg5 30. Bxg5 Nxg5 31. a3 Ne6 32. Bxe6 fxe6 33. Ka2 Qc4 34. Rd7 Qxe4 1/2-1/2

[Event "Rheinland Pfalz op 5th"]
[Site "Worms"]
[Date "2013.05.30"]
[Round "2"]
[White "Lamorelle, Julien"]
[Black "Knapp, Michael"]
[Result "1/2-1/2"]
[WhiteElo "2304"]
[BlackElo "1965"]
[PlyCount "82"]
[EventDate "2013.05.30"]
[EventType "swiss"]
[EventRounds "7"]
[EventCountry "GER"]
[SourceTitle "EXT 2014"]
[Source "ChessBase"]
[SourceDate "2013.11.20"]
[SourceVersion "1"]
[SourceVersionDate "2013.11.20"]
[SourceQuality "1"]

1. e4 e6 2. d4 d5 3. Nc3 dxe4 4. Nxe4 Nd7 5. Bd3 Ngf6 6. c3 Be7 7. Nf3 0-0 8. Nxf6+ Nxf6 9. Ne5 c5 10. Be3 Qc7 11. Qf3 Bd6 12. Nc4 cxd4 13. Bg5 Be7 14. cxd4 Bd7 15. 0-0 Bc6 16. Qe3 Rad8 17. Rfd1 g6 18. Bf4 Qd7 19. Be5 Ng4 20. Qe2 Nxe5 21. dxe5 Qd5 22. f4 Qd4+ 23. Qf2 Bc5 24. Qxd4 Rxd4 25. Kh1 Rxf4 26. Rac1 Rd8 27. Na5 Be3 28. Nxc6 Rxd3 29. Rxd3 Bxc1 30. g3 Re4 31. Nxa7 Rxe5 32. Rb3 Ra5 33. Rxb7 Bxb2 34. Nc6 Rxa2 35. Nd8 Bd4 36. Rxf7 Ra1+ 37. Kg2 Rg1+ 38. Kh3 Bb6 39. Rd7 Bxd8 40. Rxd8+ Kg7 41. Rd7+ Kf6 1/2-1/2

[Event "Maastricht Limburg op-A 7th"]
[Site "Maastricht"]
[Date "2013.05.19"]
[Round "5"]
[White "Harff, Wilfried"]
[Black "Lamorelle, Julien"]
[Result "1-0"]
[WhiteElo "2151"]
[BlackElo "2304"]
[PlyCount "77"]
[EventDate "2013.05.17"]
[EventType "swiss"]
[EventRounds "7"]
[EventCountry "NED"]
[SourceTitle "EXT 2014"]
[Source "ChessBase"]
[SourceDate "2013.11.20"]
[SourceVersion "1"]
[SourceVersionDate "2013.11.20"]
[SourceQuality "1"]

1. e4 c5 2. Nf3 e6 3. c3 Nf6 4. e5 Nd5 5. Na3 Nc6 6. Bb5 Qc7 7. Qe2 a6 8. Bxc6 Qxc6 9. d3 b5 10. Bd2 Bb7 11. 0-0 Be7 12. Rac1 Nb6 13. c4 f6 14. b4 0-0 15. bxc5 Bxc5 16. cxb5 Qd5 17. Nb1 Na4 18. d4 Bb6 19. Bb4 Rfc8 20. bxa6 Rxc1 21. Rxc1 Bxa6 22. Qd2 Bb7 23. exf6 gxf6 24. Qf4 Kg7 25. Nbd2 Re8 26. Nf1 Qh5 27. g4 Qh6 28. g5 fxg5 29. Nxg5 Qg6 30. Ng3 Nb2 31. Rc3 h6 32. Qe5+ Kg8 33. N3e4 hxg5 34. Rg3 g4 35. Qf4 Bxe4 36. Rxg4 Kg7 37. Qxe4 Qxg4+ 38. Qxg4+ Kf7 39. Qh5+ 1-0

[Event "Maastricht Limburg op-A 7th"]
[Site "Maastricht"]
[Date "2013.05.18"]
[Round "2"]
[White "Lamorelle, Julien"]
[Black "Beukema, Stefan"]
[Result "0-1"]
[WhiteElo "2304"]
[BlackElo "2258"]
[PlyCount "60"]
[EventDate "2013.05.17"]
[EventType "swiss"]
[EventRounds "7"]
[EventCountry "NED"]
[SourceTitle "EXT 2014"]
[Source "ChessBase"]
[SourceDate "2013.11.20"]
[SourceVersion "1"]
[SourceVersionDate "2013.11.20"]
[SourceQuality "1"]

1. e4 e5 2. Nc3 Nf6 3. Bc4 c6 4. d4 Bb4 5. dxe5 Nxe4 6. Qd4 d5 7. exd6 Nxc3 8. bxc3 Bxd6 9. Qxg7 Qe7+ 10. Kf1 Be5 11. Bxf7+ Kd8 12. Qg5 Bf6 13. Qh5 Rf8 14. Bc4 Be6 15. Bxe6 Qxe6 16. Qxh7 Nd7 17. Ne2 Kc7 18. Bf4+ Be5 19. Bxe5+ Qxe5 20. Rd1 Rad8 21. Nd4 Kb8 22. Nf3 Qg5 23. Qd3 Qa5 24. Qd6+ Ka8 25. Qb4 Qa6+ 26. c4 c5 27. Qb5 Qe6 28. Qb3 Nb6 29. Rd3 Qg4 30. h3 Qf4 0-1